00856cam a22002171a 4500001001300000003000400013005001700017008004100034010001700075035001900092040001900111042001200130050001700142245024400159260003700403300004300440500004300483651003900526651003600565651003700601rc 01002126 DLC20260227111905.0820311s1892 ilua 001 0 eng  arc 01002126  a(OCoLC)8237451 aDLCcOdOdDLC apremarc00aF497.A15bP600aPortrait and biographical record of Auglaize, Logan and Shelby Counties, Ohio :bcontaining biographical sketches of prominent and representative citizens, together with biographies and portraits of all the Presidents of the United States. aChicago :bChapman Bros.,c1892. a593 p. (i.e. 591) p. :bill. ;c28 cm. aError in paging: nos. 235-236 omitted. 0aAuglaize County (Ohio)vBiography. 0aLogan County (Ohio)vBiography. 0aShelby County (Ohio)vBiography.